vufinder Bibliothèque Municipale de Charleval de Provence
Se connecter

Algérie, une guerre sans gloire

histoire d'une enquête

Book Cover
Auteur principal: Florence Beaugé
Support: Livres
Langue: Francais
Publié: 2005 Calmann-Lévy Paris
Genre: Documentaire
Sujets:
Étiquettes: Ajouter
Pas de Tags !

LEADER 00994nam0a2200193 450
001 16848299
010 |a 2-7021-3509-9  |b Br.  |d 18 € 
100 |a 20050527d2005 u u0frey01 ba 
101 0 |a fre 
102 |a FR 
200 0 |a Algérie, une guerre sans gloire  |e histoire d'une enquête  |f Florence Beaugé 
207 1 |a   
210 |a Paris  |b 3 Rue Auber.  |c Calmann-Lévy  |d 2005 
215 |a 256 p.  |d 23 x 15 cm 
330 |a F. Beaugé est journaliste au 'Monde'. Au jour le jour et vu de l'intérieur, elle montre, dans ce document sur le travail et les méthodes d'enquêtes des journalistes d'investigation, le travail concret et la vie quotidienne des journalistes. Elle donne également des révélations inédites sur la Guerre d'Algérie et le rôle de l'armée française dans les tortures. 
700 0 |a Beaugé  |b Florence  |4 70 
900 |a Documentaire 
901 |a Accessible au prêt 
995 |a Bibliothèque  |c Bibliothèque  |f 00156006277321  |h 00156006277321  |k 965.04 BEA  |o p  |q a  |r az  |e Bibliothèque 

Options de recherche

Historique de recherche
Recherche avancée

Trouver plus

Nouveautés

Besoin d'aide ?

Contacter un bibliothécaire